[Event "2024 National Middle School Championship"]
[Site "Atlanta, Georgia, United States"]
[Date "2024.05.11"]
[Round "4.1"]
[White "Das, Aditeya"]
[Black "Liu, Eric Chang"]
[Result "0-1"]
[TimeControl "G/90;d10"]
[WhiteElo "2120"]
[BlackElo "2468"]

1. Nf3 {[%clk 01:25:34]} {[%emt 00:04:35]} Nf6 {[%clk 01:29:21]} {[%emt
00:00:49]} 2. b3 {[%clk 01:25:26]} {[%emt 00:00:19]} d5 {[%clk 01:26:12]}
{[%emt 00:03:18]} 3. Bb2 {[%clk 01:24:57]} {[%emt 00:00:40]} Bf5 {[%clk
01:26:11]} {[%emt 00:00:10]} 4. d4 {[%clk 01:21:23]} {[%emt 00:03:44]} e6
{[%clk 01:26:10]} {[%emt 00:00:12]} 5. e3 {[%clk 01:20:57]} {[%emt 00:00:36]}
Bd6 {[%clk 01:22:58]} {[%emt 00:03:22]} 6. g3 {[%clk 01:18:10]} {[%emt
00:02:57]} O-O {[%clk 01:22:30]} {[%emt 00:00:38]} 7. Bg2 {[%clk 01:18:10]}
{[%emt 00:00:03]} h6 {[%clk 01:21:48]} {[%emt 00:00:53]} 8. O-O {[%clk
01:18:06]} {[%emt 00:00:13]} Nbd7 {[%clk 01:17:42]} {[%emt 00:04:16]} 9. c4
{[%clk 01:16:10]} {[%emt 00:02:06]} c6 {[%clk 01:17:38]} {[%emt 00:00:14]} 10.
Nbd2 {[%clk 01:12:57]} {[%emt 00:03:23]} b5 {[%clk 00:59:33]} {[%emt 00:18:14]}
11. Qe2 {[%clk 01:04:49]} {[%emt 00:08:19]} bxc4 {[%clk 00:52:38]} {[%emt
00:07:05]} 12. bxc4 {[%clk 01:04:18]} {[%emt 00:00:41]} Rb8 {[%clk 00:45:23]}
{[%emt 00:07:25]} 13. Nb3 {[%clk 00:57:30]} {[%emt 00:06:58]} Bb4 {[%clk
00:30:53]} {[%emt 00:14:41]} 14. c5 {[%clk 00:55:26]} {[%emt 00:02:13]} a5
{[%clk 00:27:50]} {[%emt 00:03:14]} 15. a3 {[%clk 00:49:30]} {[%emt 00:06:06]}
Bc3 {[%clk 00:27:50]} {[%emt 00:00:10]} 16. Bxc3 {[%clk 00:49:30]} {[%emt
00:00:02]} Rxb3 {[%clk 00:27:50]} {[%emt 00:00:05]} 17. Rfc1 {[%clk 00:49:30]}
{[%emt 00:00:07]} Ne4 {[%clk 00:23:53]} {[%emt 00:04:07]} 18. Be1 {[%clk
00:48:13]} {[%emt 00:01:26]} Qa8 {[%clk 00:22:16]} {[%emt 00:01:48]} 19. Nd2
{[%clk 00:43:38]} {[%emt 00:04:44]} Nxd2 {[%clk 00:17:22]} {[%emt 00:05:04]} 20.
Bxd2 {[%clk 00:41:20]} {[%emt 00:02:28]} Bd3 {[%clk 00:15:41]} {[%emt
00:01:51]} 21. Qd1 {[%clk 00:40:09]} {[%emt 00:01:21]} a4 {[%clk 00:14:15]}
{[%emt 00:01:37]} 22. Rc3 {[%clk 00:40:09]} {[%emt 00:00:09]} Rfb8 {[%clk
00:14:04]} {[%emt 00:00:20]} 23. Be1 {[%clk 00:31:44]} {[%emt 00:08:36]} Qa6
{[%clk 00:13:56]} {[%emt 00:00:18]} 24. Rcc1 {[%clk 00:29:46]} {[%emt
00:02:08]} R8b7 {[%clk 00:10:52]} {[%emt 00:03:13]} 25. Bb4 {[%clk 00:29:43]}
{[%emt 00:00:13]} e5 {[%clk 00:09:38]} {[%emt 00:01:25]} 26. Bxd5 {[%clk
00:28:42]} {[%emt 00:01:10]} cxd5 {[%clk 00:07:06]} {[%emt 00:02:42]} 27. c6
{[%clk 00:28:42]} {[%emt 00:00:09]} R7xb4 {[%clk 00:04:14]} {[%emt 00:03:02]}
28. axb4 {[%clk 00:27:52]} {[%emt 00:01:00]} Nb6 {[%clk 00:04:14]} 29. c7
{[%clk 00:27:17]} {[%emt 00:00:46]} Bc4 {[%clk 00:03:50]} {[%emt 00:00:33]} 30.
dxe5 {[%clk 00:27:04]} {[%emt 00:00:23]} Qc8 {[%clk 00:03:28]} {[%emt
00:00:32]} 31. e4 {[%clk 00:24:53]} {[%emt 00:02:21]} Rd3 {[%clk 00:03:10]}
{[%emt 00:00:29]} 32. Qc2 {[%clk 00:24:23]} {[%emt 00:00:40]} dxe4 {[%clk
00:02:48]} {[%emt 00:00:31]} 33. Re1 {[%clk 00:20:43]} {[%emt 00:03:50]} Qxc7
{[%clk 00:01:56]} {[%emt 00:01:02]} 34. Rxe4 {[%clk 00:20:43]} {[%emt
00:00:04]} Qc6 {[%clk 00:01:56]} {[%emt 00:00:02]} 35. Rf4 {[%clk 00:20:18]}
{[%emt 00:00:35]} Qd5 {[%clk 00:01:56]} {[%emt 00:00:11]} 36. Rc1 {[%clk
00:19:56]} {[%emt 00:00:31]} a3 {[%clk 00:01:50]} {[%emt 00:00:16]} 37. Re1
{[%clk 00:18:27]} {[%emt 00:01:38]} a2 {[%clk 00:01:50]} {[%emt 00:00:07]} 38.
e6 {[%clk 00:18:27]} {[%emt 00:00:07]} fxe6 {[%clk 00:01:50]} {[%emt 00:00:11]}
39. Qc1 {[%clk 00:17:43]} {[%emt 00:00:54]} h5 {[%clk 00:01:23]} {[%emt
00:00:36]} 40. Rfe4 {[%clk 00:17:40]} {[%emt 00:00:14]} Bb3 {[%clk 00:01:10]}
{[%emt 00:00:24]} 41. R4e2 {[%clk 00:16:34]} {[%emt 00:01:16]} Qf3 {[%clk
00:00:44]} {[%emt 00:00:36]} 42. Qf4 {[%clk 00:11:43]} {[%emt 00:05:01]} Qxe2
{[%clk 00:00:44]} {[%emt 00:00:05]} 43. Rxe2 {[%clk 00:11:43]} {[%emt
00:00:09]} a1=Q+ {[%clk 00:00:44]} {[%emt 00:00:02]} 44. Kg2 {[%clk 00:11:43]}
{[%emt 00:00:05]} Bd5+ {[%clk 00:00:44]} {[%emt 00:00:09]} 0-1

[Event "2024 National Middle School Championship"]
[Site "Atlanta, Georgia, United States"]
[Date "2024.05.11"]
[Round "4.2"]
[White "Meng, Joshua"]
[Black "Guo, Ethan"]
[Result "0-1"]
[TimeControl "G/90;d10"]
[WhiteElo "2091"]
[BlackElo "2291"]

1. e4 {[%clk 01:30:00]} {[%emt 00:00:03]} c5 {[%clk 01:30:00]} {[%emt
00:00:05]} 2. Nc3 {[%clk 01:30:00]} {[%emt 00:00:04]} d6 {[%clk 01:30:00]}
{[%emt 00:00:04]} 3. Nge2 {[%clk 01:30:00]} {[%emt 00:00:03]} Nf6 {[%clk
01:30:00]} {[%emt 00:00:07]} 4. g3 {[%clk 01:30:00]} {[%emt 00:00:03]} g6
{[%clk 01:30:00]} {[%emt 00:00:10]} 5. Bg2 {[%clk 01:30:00]} {[%emt 00:00:02]}
Bg7 {[%clk 01:30:00]} {[%emt 00:00:08]} 6. O-O {[%clk 01:30:00]} {[%emt
00:00:03]} O-O {[%clk 01:30:00]} {[%emt 00:00:09]} 7. f4 {[%clk 01:30:00]}
{[%emt 00:00:01]} Nc6 {[%clk 01:30:00]} {[%emt 00:00:08]} 8. h3 {[%clk
01:30:00]} {[%emt 00:00:02]} Rb8 {[%clk 01:30:00]} {[%emt 00:00:11]} 9. g4
{[%clk 01:30:00]} {[%emt 00:00:03]} Nd7 {[%clk 01:28:38]} {[%emt 00:01:33]} 10.
a4 {[%clk 01:24:42]} {[%emt 00:05:28]} a6 {[%clk 01:27:25]} {[%emt 00:01:23]}
11. d3 {[%clk 01:24:02]} {[%emt 00:00:50]} b5 {[%clk 01:27:22]} {[%emt
00:00:13]} 12. axb5 {[%clk 01:24:02]} {[%emt 00:00:09]} axb5 {[%clk 01:27:22]}
{[%emt 00:00:06]} 13. Ng3 {[%clk 01:23:19]} {[%emt 00:00:53]} Nd4 {[%clk
01:26:52]} {[%emt 00:00:40]} 14. Nd5 {[%clk 01:20:48]} {[%emt 00:02:42]} e6
{[%clk 01:25:21]} {[%emt 00:01:40]} 15. Ne3 {[%clk 01:20:35]} {[%emt 00:00:22]}
b4 {[%clk 01:24:43]} {[%emt 00:00:49]} 16. f5 {[%clk 01:18:05]} {[%emt
00:02:40]} Ne5 {[%clk 01:23:25]} {[%emt 00:01:28]} 17. g5 {[%clk 01:04:14]}
{[%emt 00:14:01]} f6 {[%clk 01:20:25]} {[%emt 00:03:11]} 18. gxf6 {[%emt
00:20:18]} Rxf6 {[%clk 01:17:59]} {[%emt 00:00:29]} 19. c3 {[%clk 00:38:18]}
{[%emt 00:08:06]} bxc3 {[%clk 01:17:30]} {[%emt 00:00:38]} 20. bxc3 {[%clk
00:38:18]} {[%emt 00:00:09]} Nb5 {[%clk 01:17:18]} {[%emt 00:00:23]} 21. Bb2
{[%clk 00:37:28]} {[%emt 00:00:59]} Rf8 {[%clk 01:16:35]} {[%emt 00:00:52]} 22.
fxe6 {[%clk 00:24:33]} {[%emt 00:13:05]} Bxe6 {[%clk 01:15:13]} {[%emt
00:01:33]} 23. Rxf8+ {[%clk 00:23:12]} {[%emt 00:01:31]} Qxf8 {[%clk 01:15:13]}
{[%emt 00:00:08]} 24. Qe2 {[%clk 00:18:56]} {[%emt 00:04:27]} Qf4 {[%clk
01:14:02]} {[%emt 00:01:21]} 25. Nh1 {[%clk 00:16:44]} {[%emt 00:02:22]} Bh6
{[%clk 01:10:27]} {[%emt 00:03:45]} 26. Nf1 {[%clk 00:15:25]} {[%emt 00:01:29]}
Bg7 {[%clk 01:09:11]} {[%emt 00:01:26]} 27. Nd2 {[%clk 00:15:10]} {[%emt
00:00:25]} Nc7 {[%clk 01:05:54]} {[%emt 00:03:28]} 28. Rf1 {[%clk 00:12:40]}
{[%emt 00:02:40]} Qg5 {[%clk 01:05:37]} {[%emt 00:00:26]} 29. Nf3 {[%clk
00:12:40]} {[%emt 00:00:09]} Nxf3+ {[%clk 01:05:35]} {[%emt 00:00:12]} 30. Rxf3
{[%clk 00:12:40]} {[%emt 00:00:01]} Rb3 {[%clk 01:04:37]} {[%emt 00:01:09]} 31.
Nf2 {[%clk 00:09:25]} {[%emt 00:03:24]} Bxc3 {[%clk 01:03:50]} {[%emt
00:00:57]} 32. Bxc3 {[%clk 00:09:22]} {[%emt 00:00:13]} Rxc3 {[%clk 01:03:50]}
{[%emt 00:00:04]} 33. Qb2 {[%clk 00:08:01]} {[%emt 00:01:32]} Rb3 {[%clk
01:03:48]} {[%emt 00:00:12]} 34. Qf6 {[%clk 00:08:01]} {[%emt 00:00:05]} Qxf6
{[%clk 01:03:32]} {[%emt 00:00:25]} 35. Rxf6 {[%clk 00:08:01]} {[%emt
00:00:02]} Kg7 {[%clk 01:03:32]} {[%emt 00:00:08]} 36. Rf3 {[%clk 00:07:36]}
{[%emt 00:00:34]} Nb5 {[%clk 01:03:22]} {[%emt 00:00:21]} 37. e5 {[%clk
00:04:59]} {[%emt 00:02:47]} Nd4 {[%clk 01:00:42]} {[%emt 00:02:50]} 38. Re3
{[%clk 00:04:42]} {[%emt 00:00:27]} c4 {[%clk 00:59:57]} {[%emt 00:00:55]} 39.
exd6 {[%clk 00:04:34]} {[%emt 00:00:18]} c3 {[%clk 00:59:57]} {[%emt 00:00:05]}
40. d7 {[%clk 00:04:34]} Bxd7 {[%clk 00:59:35]} {[%emt 00:00:31]} 41. Re7+
{[%emt 00:00:02]} Kf8 {[%clk 00:59:23]} {[%emt 00:00:21]} 42. Rxd7 {[%clk
00:04:34]} {[%emt 00:00:02]} c2 {[%clk 00:59:23]} {[%emt 00:00:07]} 43. Rc7
{[%clk 00:04:34]} {[%emt 00:00:01]} Ne2+ {[%clk 00:59:23]} {[%emt 00:00:10]} 44.
Kf1 {[%clk 00:04:10]} {[%emt 00:00:34]} Rc3 {[%clk 00:59:16]} {[%emt 00:00:18]}
0-1

[Event "2024 National Middle School Championship"]
[Site "Atlanta, Georgia, United States"]
[Date "2024.05.11"]
[Round "4.3"]
[White "Paragua, Megan Althea"]
[Black "Casares, Santiago De Jesus"]
[Result "1/2-1/2"]
[TimeControl "G/90;d10"]
[WhiteElo "2198"]
[BlackElo "2114"]

1. e4 {[%clk 01:27:14]} {[%emt 00:02:46]} c5 {[%clk 01:30:00]} {[%emt
00:00:05]} 2. Nf3 {[%clk 01:26:53]} {[%emt 00:00:32]} Nc6 {[%clk 01:30:00]}
{[%emt 00:00:05]} 3. c3 {[%clk 01:26:50]} {[%emt 00:00:13]} Nf6 {[%clk
01:30:00]} {[%emt 00:00:05]} 4. e5 {[%clk 01:26:50]} {[%emt 00:00:04]} Nd5
{[%clk 01:30:00]} {[%emt 00:00:03]} 5. Bc4 {[%clk 01:26:50]} {[%emt 00:00:07]}
Nb6 {[%clk 01:29:56]} {[%emt 00:00:14]} 6. Bb3 {[%clk 01:26:45]} {[%emt
00:00:14]} d5 {[%clk 01:29:56]} {[%emt 00:00:04]} 7. exd6 {[%clk 01:25:45]}
{[%emt 00:01:10]} Qxd6 {[%clk 01:29:56]} {[%emt 00:00:08]} 8. O-O {[%clk
01:25:35]} {[%emt 00:00:20]} g6 {[%clk 01:29:37]} {[%emt 00:00:30]} 9. d4
{[%clk 01:19:53]} {[%emt 00:05:52]} cxd4 {[%clk 01:29:29]} {[%emt 00:00:18]} 10.
Nxd4 {[%clk 01:15:25]} {[%emt 00:04:37]} Nxd4 {[%clk 01:28:31]} {[%emt
00:01:08]} 11. Qxd4 {[%clk 01:13:37]} {[%emt 00:01:58]} Qxd4 {[%clk 01:27:59]}
{[%emt 00:00:42]} 12. cxd4 {[%clk 01:13:37]} {[%emt 00:00:08]} Bg7 {[%clk
01:27:49]} {[%emt 00:00:19]} 13. Be3 {[%clk 01:13:27]} {[%emt 00:00:20]} O-O
{[%clk 01:27:49]} {[%emt 00:00:11]} 14. Nc3 {[%clk 01:13:19]} {[%emt 00:00:19]}
Bf5 {[%clk 01:26:31]} {[%emt 00:01:28]} 15. Rfd1 {[%clk 00:58:41]} {[%emt
00:14:47]} Rac8 {[%clk 01:25:29]} {[%emt 00:01:12]} 16. Rd2 {[%clk 00:57:41]}
{[%emt 00:01:10]} Rfd8 {[%clk 01:22:29]} {[%emt 00:03:10]} 17. Rad1 {[%clk
00:56:45]} {[%emt 00:01:06]} Nc4 {[%clk 01:22:29]} {[%emt 00:00:08]} 18. Bxc4
{[%clk 00:56:45]} {[%emt 00:00:07]} Rxc4 {[%clk 01:22:29]} {[%emt 00:00:04]}
1/2-1/2

[Event "2024 National Middle School Championship"]
[Site "Atlanta, Georgia, United States"]
[Date "2024.05.11"]
[Round "4.4"]
[White "Rao, Anjaneya Sripathy"]
[Black "Wang, Eric"]
[Result "1-0"]
[TimeControl "G/90;d10"]
[WhiteElo "2182"]
[BlackElo "2048"]

1. e4 {[%clk 01:30:00]} {[%emt 00:00:04]} e5 {[%clk 01:30:00]} {[%emt
00:00:05]} 2. Nc3 {[%clk 01:30:00]} {[%emt 00:00:08]} Nc6 {[%clk 01:30:00]}
{[%emt 00:00:05]} 3. g3 {[%clk 01:30:00]} {[%emt 00:00:05]} Nf6 {[%clk
01:30:00]} {[%emt 00:00:04]} 4. Bg2 {[%clk 01:30:00]} {[%emt 00:00:06]} Bb4
{[%clk 01:29:47]} {[%emt 00:00:24]} 5. Nge2 {[%clk 01:29:34]} {[%emt 00:00:36]}
d6 {[%clk 01:29:23]} {[%emt 00:00:34]} 6. Nd5 {[%clk 01:27:09]} {[%emt
00:02:35]} Be6 {[%clk 01:27:24]} {[%emt 00:02:10]} 7. O-O {[%clk 01:21:15]}
{[%emt 00:06:04]} Bc5 {[%clk 01:18:58]} {[%emt 00:08:36]} 8. c3 {[%clk
01:20:23]} {[%emt 00:01:02]} Bb6 {[%clk 01:12:37]} {[%emt 00:06:31]} 9. d4
{[%clk 01:13:06]} {[%emt 00:07:26]} exd4 {[%clk 01:00:58]} {[%emt 00:11:50]} 10.
cxd4 {[%clk 01:11:47]} {[%emt 00:01:28]} Bxd5 {[%clk 01:00:39]} {[%emt
00:00:29]} 11. exd5 {[%clk 01:11:47]} {[%emt 00:00:03]} Ne7 {[%clk 01:00:39]}
{[%emt 00:00:07]} 12. Bg5 {[%clk 01:11:33]} {[%emt 00:00:23]} Ng6 {[%clk
00:57:54]} {[%emt 00:02:56]} 13. a4 {[%clk 01:11:25]} {[%emt 00:00:18]} a6
{[%clk 00:57:05]} {[%emt 00:00:59]} 14. a5 {[%clk 01:11:25]} {[%emt 00:00:09]}
Ba7 {[%clk 00:57:05]} {[%emt 00:00:04]} 15. Ra3 {[%clk 01:11:25]} {[%emt
00:00:09]} h6 {[%clk 00:48:55]} {[%emt 00:08:21]} 16. Re3+ {[%clk 01:11:22]}
{[%emt 00:00:12]} Kf8 {[%clk 00:48:55]} {[%emt 00:00:06]} 17. Bxf6 {[%clk
01:11:21]} {[%emt 00:00:11]} Qxf6 {[%clk 00:48:55]} {[%emt 00:00:08]} 18. Qc2
{[%clk 01:05:08]} {[%emt 00:06:24]} Kg8 {[%clk 00:42:13]} {[%emt 00:06:52]} 19.
Qxc7 {[%clk 01:03:57]} {[%emt 00:01:20]} Kh7 {[%clk 00:41:10]} {[%emt
00:01:14]} 20. Rf3 {[%clk 01:02:51]} {[%emt 00:01:15]} Rhc8 {[%clk 00:41:10]}
{[%emt 00:00:05]} 21. Qxb7 {[%clk 00:58:52]} {[%emt 00:04:09]} Rcb8 {[%clk
00:41:05]} {[%emt 00:00:14]} 22. Qxa8 {[%clk 00:53:47]} {[%emt 00:05:15]} Rxa8
{[%clk 00:40:14]} {[%emt 00:01:02]} 23. Rxf6 {[%clk 00:53:47]} {[%emt
00:00:06]} gxf6 {[%clk 00:40:14]} {[%emt 00:00:03]} 24. Rc1 {[%clk 00:53:31]}
{[%emt 00:00:27]} Re8 {[%clk 00:40:14]} {[%emt 00:00:09]} 25. Kf1 {[%clk
00:53:28]} {[%emt 00:00:13]} Rb8 {[%clk 00:39:45]} {[%emt 00:00:39]} 26. Rc7
{[%clk 00:52:36]} {[%emt 00:01:01]} Rxb2 {[%clk 00:39:45]} {[%emt 00:00:03]} 27.
Rxf7+ {[%clk 00:52:19]} {[%emt 00:00:27]} Kg8 {[%clk 00:39:45]} {[%emt
00:00:04]} 28. Rxa7 {[%clk 00:52:13]} {[%emt 00:00:16]} Rb1+ {[%clk 00:39:45]}
{[%emt 00:00:04]} 29. Nc1 {[%clk 00:52:13]} {[%emt 00:00:05]} Rxc1+ {[%clk
00:39:45]} {[%emt 00:00:04]} 30. Ke2 {[%clk 00:52:13]} {[%emt 00:00:08]} Rg1
{[%clk 00:39:18]} {[%emt 00:00:38]} 31. Be4 {[%clk 00:50:20]} {[%emt 00:02:02]}
1-0

[Event "2024 National Middle School Championship"]
[Site "Atlanta, Georgia, United States"]
[Date "2024.05.11"]
[Round "4.5"]
[White "Patel, Maahir"]
[Black "Vemparala, Nikash"]
[Result "0-1"]
[TimeControl "G/90;d10"]
[WhiteElo "2071"]
[BlackElo "2171"]

1. e4 {[%clk 01:30:00]} {[%emt 00:00:03]} e5 {[%clk 01:29:53]} {[%emt
00:00:18]} 2. Nf3 {[%clk 01:29:52]} {[%emt 00:00:17]} Nc6 {[%clk 01:29:53]}
{[%emt 00:00:10]} 3. Bb5 {[%clk 01:29:52]} {[%emt 00:00:05]} Bc5 {[%clk
01:29:53]} {[%emt 00:00:04]} 4. O-O {[%clk 01:29:52]} {[%emt 00:00:09]} d6
{[%clk 01:29:53]} {[%emt 00:00:09]} 5. c3 {[%clk 01:29:52]} {[%emt 00:00:09]}
a6 {[%clk 01:29:42]} {[%emt 00:00:22]} 6. Ba4 {[%clk 01:29:52]} {[%emt
00:00:08]} Bd7 {[%clk 01:29:42]} {[%emt 00:00:05]} 7. d4 {[%clk 01:29:24]}
{[%emt 00:00:37]} Ba7 {[%clk 01:29:27]} {[%emt 00:00:24]} 8. Re1 {[%clk
01:28:26]} {[%emt 00:01:08]} Nge7 {[%clk 01:26:19]} {[%emt 00:03:18]} 9. Be3
{[%clk 01:26:27]} {[%emt 00:02:09]} O-O {[%clk 01:24:31]} {[%emt 00:01:58]} 10.
Nbd2 {[%clk 01:24:32]} {[%emt 00:02:05]} exd4 {[%clk 01:19:13]} {[%emt
00:05:29]} 11. Nxd4 {[%clk 01:22:27]} {[%emt 00:02:15]} Nxd4 {[%clk 01:17:53]}
{[%emt 00:01:30]} 12. cxd4 {[%clk 01:22:07]} {[%emt 00:00:29]} c5 {[%clk
01:08:23]} {[%emt 00:09:40]} 13. d5 {[%clk 01:07:49]} {[%emt 00:14:29]} f5
{[%clk 01:01:54]} {[%emt 00:06:39]} 14. Bg5 {[%clk 01:04:11]} {[%emt 00:03:47]}
Bxa4 {[%emt 00:01:30]} 15. Qxa4 {[%clk 01:04:11]} {[%emt 00:00:05]} h6 {[%clk
00:59:53]} {[%emt 00:00:53]} 16. Bxe7 {[%clk 01:03:15]} {[%emt 00:01:07]} Qxe7
{[%clk 00:57:10]} {[%emt 00:02:53]} 17. Qc2 {[%clk 00:58:37]} {[%emt 00:04:47]}
Qf7 {[%clk 00:50:27]} {[%emt 00:06:54]} 18. Rad1 {[%clk 00:52:56]} {[%emt
00:05:50]} b5 {[%emt 00:04:46]} 19. e5 {[%clk 00:49:11]} {[%emt 00:03:50]} dxe5
{[%clk 00:44:28]} {[%emt 00:01:38]} 20. Rxe5 {[%clk 00:49:11]} {[%emt
00:00:09]} Rad8 {[%clk 00:43:07]} {[%emt 00:01:31]} 21. Nf3 {[%clk 00:48:19]}
{[%emt 00:01:03]} Bb8 {[%clk 00:41:58]} {[%emt 00:01:19]} 22. Re6 {[%clk
00:41:50]} {[%emt 00:06:34]} Rxd5 {[%clk 00:40:36]} {[%emt 00:01:36]} 23. Rxd5
{[%clk 00:37:54]} {[%emt 00:04:06]} Qxe6 {[%clk 00:40:35]} {[%emt 00:00:10]} 24.
Qxc5 {[%clk 00:37:36]} {[%emt 00:00:28]} Rc8 {[%clk 00:40:10]} {[%emt
00:00:36]} 0-1

[Event "2024 National Middle School Championship"]
[Site "Atlanta, Georgia, United States"]
[Date "2024.05.11"]
[Round "4.6"]
[White "Wang, Isaac"]
[Black "Mynala, Rahul"]
[Result "1-0"]
[TimeControl "G/90;d10"]
[WhiteElo "2326"]
[BlackElo "1946"]

1. d4 {[%clk 01:29:42]} {[%emt 00:00:17]} d5 {[%clk 01:30:00]} {[%emt
00:00:06]} 2. c4 {[%clk 01:29:42]} {[%emt 00:00:05]} c6 {[%clk 01:30:00]}
{[%emt 00:00:03]} 3. Nc3 {[%clk 01:29:42]} {[%emt 00:00:05]} Nf6 {[%clk
01:30:00]} {[%emt 00:00:04]} 4. Nf3 {[%clk 01:29:42]} {[%emt 00:00:06]} e6
{[%clk 01:30:00]} {[%emt 00:00:05]} 5. g3 {[%clk 01:28:31]} {[%emt 00:01:21]}
Nbd7 {[%clk 01:29:23]} {[%emt 00:00:47]} 6. Bg2 {[%clk 01:28:04]} {[%emt
00:00:36]} Bd6 {[%clk 01:29:20]} {[%emt 00:00:13]} 7. O-O {[%clk 01:27:12]}
{[%emt 00:01:02]} O-O {[%clk 01:29:20]} {[%emt 00:00:05]} 8. Qd3 {[%clk
01:26:48]} {[%emt 00:00:34]} b6 {[%clk 01:25:21]} {[%emt 00:04:08]} 9. e4
{[%clk 01:24:45]} {[%emt 00:02:14]} dxe4 {[%clk 01:25:21]} {[%emt 00:00:10]} 10.
Nxe4 {[%clk 01:24:45]} {[%emt 00:00:02]} Nxe4 {[%clk 01:25:21]} {[%emt
00:00:07]} 11. Qxe4 {[%clk 01:24:45]} {[%emt 00:00:06]} Bb7 {[%clk 01:25:21]}
{[%emt 00:00:06]} 12. Rd1 {[%clk 01:19:58]} {[%emt 00:04:57]} Qc7 {[%clk
01:23:05]} {[%emt 00:02:26]} 13. Qc2 {[%clk 01:17:46]} {[%emt 00:02:22]} Rad8
{[%clk 01:19:23]} {[%emt 00:03:52]} 14. Bg5 {[%clk 01:14:11]} {[%emt 00:03:45]}
f6 {[%clk 01:10:17]} {[%emt 00:09:16]} 15. Be3 {[%clk 01:13:10]} {[%emt
00:01:11]} Rfe8 {[%clk 01:09:45]} {[%emt 00:00:41]} 16. c5 {[%clk 01:11:24]}
{[%emt 00:01:58]} Bf8 {[%clk 01:05:36]} {[%emt 00:04:18]} 17. Bf4 {[%clk
01:09:50]} {[%emt 00:01:43]} e5 {[%clk 00:58:50]} {[%emt 00:06:57]} 18. dxe5
{[%clk 01:06:12]} {[%emt 00:03:48]} fxe5 {[%clk 00:56:12]} {[%emt 00:02:48]} 19.
Qc4+ {[%clk 01:03:25]} {[%emt 00:02:57]} Kh8 {[%clk 00:55:55]} {[%emt
00:00:28]} 20. Ng5 {[%clk 01:02:48]} {[%emt 00:00:47]} Re7 {[%clk 00:55:42]}
{[%emt 00:00:24]} 21. Be3 {[%clk 01:02:04]} {[%emt 00:00:54]} Nxc5 {[%clk
00:50:11]} {[%emt 00:05:41]} 22. Rxd8 {[%clk 01:01:02]} Qxd8 {[%clk 00:50:11]}
{[%emt 00:01:21]} 23. Qh4 {[%clk 00:58:04]} {[%emt 00:03:08]} Qd3 {[%clk
00:48:56]} {[%emt 00:01:25]} 24. Be4 {[%clk 00:57:55]} {[%emt 00:00:19]} 1-0